Národné hospodárstvo teória a politika

Gespeichert in:
Bibliographische Detailangaben
1. Verfasser: Briška, Rudolf
Format: Buch
Sprache:Slowakisch
Veröffentlicht: Bratislava Družstevné vydavateľstvo a kníhkupectvo 1943
Schriftenreihe:Knižnica Lichardovho fondu zv. 9
Tags: Tag hinzufügen
Keine Tags, Fügen Sie das erste Tag hinzu!

MARC

LEADER 00000nam a2200000 4500
001 c111592
005 20041019155150.2
041 0 |a slo 
044 |a SK 
245 1 0 |a Národné hospodárstvo  |b teória a politika  |c Rudolf Briška 
264 1 |a Bratislava  |b Družstevné vydavateľstvo a kníhkupectvo  |c 1943 
300 |a 396 s. 
490 1 |a Knižnica Lichardovho fondu  |v zv. 9 
830 0 |a Knižnica Lichardovho fondu  |v zv. 9 
100 1 |a Briška, Rudolf